000 00974nam a2200313 i 4500
003 EG-GICUC
005 20260225125606.0
008 260225s1983 fr ||||fr|||| 00| 0 fre d
040 _aEG-GiCUC
_bfre
_cEG-GiCUC
_dEG-GiCUC
_erda
082 0 4 _221
_a341.851
_bRO . A
092 0 4 _221
099 _aLaw1 12 341.851 RO . A 1983
100 1 _aRobert, Jean
_eAuteur
245 1 3 _aL'arbitrage Droit Interne Droit International Privé /
_b
_cJean Robert, Bertrand Moreau.
250 _a5° Édition
264 1 _aParis :
_bDalloz,
_c1983.
300 _a478pages :
_billustrations,
_c24 cm
336 _2rda content
_atext
337 _2rda media
_aComputer
338 _2rda carrier
_aOnline Resource
504 _a
546 _aTexte en français
650 1 4 _aDroit international privé
_2
651 1 _2
700 1 _aMoreau, Bertrand
_eCo-Auteur
856 4 0 _uhttps://fll.law.cu.edu.eg/fulltext/bks/B12-02919.pdf
905 _a50
942 _2ddc
_cBK
_e21
_n0
999 _c64213
_d64213